| 000 | 01148nam a22003617a 4500 | ||
|---|---|---|---|
| 001 | BR2013005678 | ||
| 003 | BR-BrBNA | ||
| 005 | 20250129141519.0 | ||
| 007 | ta | ||
| 008 | 230509b bl.||||| |||| 00| 0 por d | ||
| 040 |
_aBR-BrBNA _bpor _cBiblioteca Nacional de Agricultura |
||
| 041 | _a(Por) | ||
| 072 |
_aH10 _b1540 |
||
| 100 | 1 | _aMaia, V.B. | |
| 100 | 1 | _aBahia, J.J.S. | |
| 110 | 1 | _aComissão Executiva do Plano da Lavoura Cacaueira, Ihéus, BA (Brasil) | |
| 245 | 1 | _aManejo integrado do mandarová (Erinnyis ello ello L.)em mandioca (Manihot esculenta Crantz)na Região Sul da Bahia | |
| 260 | 3 |
_aIlhéus, BA (Brasil): _c2010. |
|
| 300 | _a16 p. | ||
| 500 | _a16 ref.; 5 illus | ||
| 650 | _aMANDIOCA | ||
| 650 | _aMANDAROVA | ||
| 650 | _aERINNYIS ELLO | ||
| 650 | _aMANIHOT ESCULENTA | ||
| 650 | _aBAHIA | ||
| 650 | _aCONTROLE BIOLÓGICO | ||
| 650 | _aCONTROLE CULTURAL | ||
| 650 | _aCONTROLE FÍSICO | ||
| 650 | _aCONTROLE INTEGRADO | ||
| 650 | _aBACULOVÍRUS | ||
| 856 | _uhttps://repositorio-dspace.agricultura.gov.br/bitstream/1/401/1/manejo-integrado-do-mandarova-erinnyis-ello-ello-l.pdf | ||
| 942 |
_cBK _2AGRIS |
||
| 999 |
_c78739 _d78739 |
||